000 00923nam a22002177a 4500
005 20250422162426.0
008 250422b |||||||| |||| 00| 0 eng d
020 _a978-93-87648-46-3 (hbk)
037 _cTB
040 _aCRL
_cCRL
041 _2hin
_ahin
084 _aP152:g Q8
_qCRL
100 _aशर्मा, राजमणि
_9752738
245 _aहिन्दी साहित्येतिहास के कुछेक ज्वलंत प्रश्न
260 _aनई दिल्ली, भारत:
_bवाणी प्रकाशन,
_c2018.
300 _a200पृ.
365 _bINR 495.00
650 _2हिन्दी भाषा
942 _2CC
_cTB
_hP152:g Q8
_n0
999 _c1309287
_d1309287